000 01439cam a2200397 a 4500
001 3983
003 FISKH
005 20250820090807.0
008 080424s2008 nyua b 000 1 eng
010 _a 2008010284
020 _a9780061236112 (pbk. bdg.)
020 _a9780061236129 (trade bdg.)
040 _aDLC
_cDLC
_dDLC
_beng
042 _alcac
050 0 0 _aPZ7.O222
_bFgs 2008
082 0 0 _a[E]
_2813.6
100 1 _aO'Connor, Jane.
245 1 0 _aFancy Nancy sees stars /
_cby Jane O'Connor ; cover illustration by Robin Preiss Glasser ; interior illustrations by Ted Enik.
260 _aNew York :
_bScholastic,
_c2008.
300 _a32 pages :
_bcolor illustrations ;
_c23 cm.
490 0 _aI can read! Beginning 1 reading
490 0 _aFancy Nancy
505 _aH
520 _aWhen a rainstorm prevents Nancy and her best friend, Robert, from getting to the planetarium the night of a class field trip, she has a brilliant idea for making things better.
521 _a470
_bLexile
521 _aH
_bRaz-Plus
650 1 _aAstronomy
_vFiction.
650 1 _aSchool field trips
_vFiction.
650 1 _aPlanetariums
_vFiction.
700 1 _aPreiss-Glasser, Robin,
_eillustrator
700 1 _aEnik, Ted,
_eillustrator
906 _a7
_bcbc
_corignew
_d1
_eecip
_f20
_gy-gencatlg
942 _2ddc
_cBK
_n0
999 _c3983
_d3983